LEADER 01320cam0 2200289 450 001 E600200065587 005 20211103090809.0 100 $a20100713d1968 |||||ita|0103 ba 101 $ager 102 $aBE 200 1 $aUeber das Verlhältniss der kritischen Philosophie zur moralischen, politischen und religiösen Kultur des Menschen$ezur Beantwortung der Frage Ob man nach den Grundsätzen jener Philosophie ein guter Mensch, ein guter Bürger, und ein guter Christ feyn könne?$f[Wilhelm Traugott Krug] 205 $aImpression anastaltique 210 $aBruxelles$cCulture et Civilisation$d1968 215 $aVIII, 268 p.$d19 cm 225 2 $aAetas kantiana$v158 300 $aRipr. facs. dell'ed. : Jena, 1798 410 1$1001LAEC00028480$12001 $a*Aetas kantiana$v158 700 1$aKrug$b, Wilhelm Traugott$3A600200061864$4070$0220514 801 0$aIT$bUNISOB$c20211103$gRICA 850 $aUNISOB 852 $aUNISOB$j100|Coll|19|k$m18467 912 $aE600200065587 940 $aM 102 Monografia moderna SBN 941 $aM 957 $a100|Coll|19|k$b000158$gSi$d18467$racquisto$1cutolo$2UNISOB$3UNISOB$420100713130744.0$520211103090759.0$6Alfano 996 $aUeber das Verlhältniss der kritischen Philosophie zur moralischen, politischen und religiösen Kultur des Menschen$91701975 997 $aUNISOB